| 000 | 00480nam a2200193Ia 4500 | ||
|---|---|---|---|
| 008 | 210210b2017 xxu||||| |||| 00| 0 eng d | ||
| 020 | _a9788184677072 | ||
| 041 | _aeng | ||
| 082 | _a954.87K GOPK | ||
| 100 | _aGOPALA RAV (Ech Es) | ||
| 245 | _aKarnataka ekikarana itihasa | ||
| 260 |
_aBengaluru _bNavakaranataka Prakashana _c2017 |
||
| 300 | _a540 | ||
| 650 | _aKarnataka | ||
| 650 | _aitihasa | ||
| 650 | _aekikarana | ||
| 690 | _aKarnataka History | ||
| 906 | _a073076 | ||
| 999 |
_c122846 _d122846 |
||